Obálka Náhled e-knihy:
PDF Epub
Pro půjčování e-knih musíte být přihlášeni.
Jak si půjčit online?

Pád měsíce. Ledová kolébka /

Ledová kolébka, napínavá dobrodružná fantasy o zradě, touze po moci a boji o přežití, je druhou částí ságy Pád měsíce.

Uloženo v:
Série:Pád měsíce, část 2
Hlavní autor: Rollins, James, 1961- (Autor)
Další autoři: Dušek, Zdík, 1976- (Autor)
Médium: E-kniha
Jazyk:Czech
Vydáno: Praha : BB art, 2023
Vydání:První vydání v českém jazyce
Témata:
Příbuzné jednotky:Z cyklu:: Pád měsíce
Tagy:
Žádné tagy
LEADER 02802nam a2200469 i 4500
001 312088
003 CZ PrSKC
005 20260601215716.0
007 ta
008 231208s2023 xr a g 000 f cze
015 |a cnb003577605 
020 |a 9788075956477  |q (vázáno) 
035 |a (OCoLC)1420608267 
040 |a ABG001  |b cze  |e rda 
041 1 |a cze  |h eng 
072 7 |a 821.111(73)-3  |x Americká próza  |2 Konspekt 
080 |a 821.111(73)-31  |2 MRF 
080 |a (0:82-312.9)  |2 MRF 
100 1 |a Rollins, James,  |d 1961-  |7 xx0035694  |4 aut 
240 1 0 |a Cradle of ice.  |l Česky 
245 1 0 |a Pád měsíce.  |p Ledová kolébka /  |c James Rollins ; přeložil Zdík Dušek 
246 3 0 |a Ledová kolébka 
250 |a První vydání v českém jazyce 
264 1 |a Praha :  |b BB art,  |c 2023 
300 |a 607 stran :  |b ilustrace ;  |c 21 cm 
336 |a text  |b txt  |2 rdacontent 
337 |a bez média  |b n  |2 rdamedia 
338 |a svazek  |b nc  |2 rdacarrier 
500 |a Přeloženo z angličtiny 
520 2 |a Ledová kolébka, napínavá dobrodružná fantasy o zradě, touze po moci a boji o přežití, je druhou částí ságy Pád měsíce.  |b Osudy lidí žijících v drsném světě na planetě Urth visí na vlásku. Měsíc obíhá kolem Urthu ve stále menších kruzích a hrozí, že svým pádem zničí vše živé. Čtyři outsideři, kteří se spojili, aby zabránili apokalypse, se vydávají na dobrodružnou pouť do rozlehlé říše ledu. Hledají hlavní město zaniklé civilizace známé jen z legend, neboť tuší, že jen tam zjistí, jak nadcházející katastrofu odvrátit. Každý krok na nebezpečné cestě členy záchranné výpravy poznamená a prohlubuje jejich spojenectví, ale i spory. Po celou dobu se musí vyhýbat válčícím armádám a nepřátelským silám, jež se bojí toho, co může objev tajemného města způsobit. Za každý krok zachránci draze platí - ztrátou svých blízkých, bolestí i krví. Nakladatelská anotace. Kráceno. 
655 7 |a americké romány  |7 fd131796  |2 czenas 
655 7 |a fantasy romány  |7 fd184199  |2 czenas 
655 9 |a American fiction  |2 eczenas 
655 9 |a fantasy novels  |2 eczenas 
700 1 |a Dušek, Zdík,  |d 1976-  |7 ola20040616001  |4 trl 
765 1 |t Moon fall 
787 0 8 |i Z cyklu:  |t Pád měsíce  |g 2 
900 |a ABA001  |b 21 
044 |a xr 
910 |a RBIT002 
998 |d 386584  |a https://core.palmknihy.cz/api/books/386584/cover?s0ltj5  |b https://core.palmknihy.cz/api/books/386584/cover/400?s0ltj5  |c https://core.palmknihy.cz/api/books/386584/cover/50?s0ltj5  |e 2027-10-06  |g 608  |i 9788075956477  |j https://core.palmknihy.cz/api/books/386584/preview.epub  |k https://core.palmknihy.cz/api/books/386584/preview.pdf  |l   |q 49  |r 1  |s https://www.palmknihy.cz/kniha/386584  |t ebook  |y 2023  |z 0  |v Pád měsíce  |w 2 
999 |d 312086